| 000 | 00577nam a2200205Ii 4500 | ||
|---|---|---|---|
| 001 | 18291 | ||
| 003 | CO-ViMGA | ||
| 008 | 241108s9999||||xx |||||||||||||| ||und|| | ||
| 040 |
_aCO-ViMGA _bspa _erda _cCO-ViMGA |
||
| 041 | 0 | _aspa | |
| 084 | _aN KIN2k | ||
| 100 | 1 |
_aEduardo Goligorsky _946292 |
|
| 245 | 1 | 0 | _aLa zona muerta |
| 264 | 1 | _aBogotá, Colombia : CĂrculo de Lectores, 1982 | |
| 300 | _avolumen | ||
| 336 |
_atext _btxt _2rdacontent |
||
| 337 |
_aunmediated _bn _2rdamedia |
||
| 338 |
_avolume _bnc _2rdacarrier |
||
| 940 | _aidficha_siabuc: 17954. -- ficha_no_siabuc:18291 | ||
| 999 |
_c40850 _d40850 |
||